Paroles Ain't no way - Statistiques

Statistiques générales
  • Ce quiz a été pris 7 fois
  • Le résultat moyen est 129 sur 218
Statistiques - réponses
Paroles % Correct
a
100%
Ain't
100%
ain't
100%
I
100%
no
100%
way
100%
you
100%
do
83%
that
83%
Don't
67%
me
67%
the
67%
to
67%
can
50%
give
50%
Give
50%
Is
50%
is
50%
It
50%
it
50%
know
50%
love
50%
need
50%
please
50%
Who
50%
all
33%
and
33%
And
33%
be
33%
but
33%
cruel
33%
duty
33%
For
33%
for
33%
help
33%
Ho
33%
how
33%
How
33%
If
33%
if
33%
let
33%
man
33%
much
33%
my
33%
Oh
33%
paid
33%
Say
33%
say
33%
that's
33%
what
33%
woman's
33%
won't
33%
you're
33%
baby
17%
got
17%
hands
17%
he's
17%
not
17%
of
17%
someone
17%
Stop
17%
tell
17%
then
17%
There
17%
things
17%
tryin'
17%
was
17%
both
0%
cold
0%
Hard
0%
just
0%
sure
0%
tyin'
0%
wan
0%
Whoa-ho
0%
ya
0%
yeah
0%
Aucun quiz correspondant
Distribution des résultats
% des personnes avec chaque résultat
Percentile par nombre de réponses
Votre historique - résultats
Vous n’avez pas pris ce quiz